000 00576nam a2200193Ia 4500
999 _c32276
_d32276
003 OSt
005 20200805123413.0
008 190216s9999||||xx |||||||||||||| ||und||
020 _a9788126519262
040 _coclc
082 _a519.2
_bROH/I
100 _aRohatgi, Vijay K
_93984
245 3 _aAn Introduction To Probability And Statistics /
_cVijay K Rohatgi ; A K MD Ehsanes Saleh
250 _a2nd Ed.
260 _bWiley India,
_c2009.
_aNew Delhi:
300 _a721p
650 _aMathematics
942 _cBK
_2ddc
_h519.2
_iROH/I
_k519.2
_mROH/I